Normal view MARC view
  • HEALTH NURSING INFORMATION TECHNOLOGY FOR BSC NURSING STUDENTS

Entry Personal Name

Number of records used in: 1

001 - CONTROL NUMBER

  • control field: 96249

003 - CONTROL NUMBER IDENTIFIER

  • control field: OSt

005 - DATE AND TIME OF LATEST TRANSACTION

  • control field: 20220922152615.0

008 - FIXED-LENGTH DATA ELEMENTS

  • fixed length control field: 220922|| aca||aabn | a|a d

040 ## - CATALOGING SOURCE

  • Original cataloging agency: OSt
  • Transcribing agency: OSt

100 ## - HEADING--PERSONAL NAME

  • Personal name: HEALTH NURSING INFORMATION TECHNOLOGY FOR BSC NURSING STUDENTS

670 ## - SOURCE DATA FOUND

  • Source citation: Work cat.: (OSt)60617: HEALTH NURSING INFORMATION TECHNOLOGY FOR BSC NURSING STUDENTS, NEELAM KUMARI, 2022